LEADER 00982nam a2200229 u 4500 001 000000056341 003 CaOOAMICUS 005 20070226120449.0 008 010405s1937 fr u000 u fre u 035 $a10871283 040 $aPUL(R)$bita 100 1 $aLadomérszky, Nicolas,$csac.$0(OLS)http://pul/name/17593 245 14$aUne histoire orthodoxe du dogme de la rédemption :$bétude sur l'exposé du russe J. Orfanitsky /$cpar l'abbé Nicolas Ladomérsky [!]. 260 $aParis :$bGabalda,$c1937. 300 $a176 p. ;$c23 cm 504 $aBibliografia in nota. 650 4$aTeologia ortodossa.$0(OLS)http://pul/subject/5722 850 $aPUL 852 $aPUL$W1$xDP2 Religione 1$y63$m65 E 8$j73917$nBK-PRI$qStampati$B73917$CPULBib$Z2$F73917 $82 941 1 $a8 996 $6245$aUne histoire orthodoxe du dogme de la rédemption :$bétude sur l'exposé du russe J. Orfanitsky$9(OLS)http://pul/title/75354 996 $6260$aParis :$bGabalda$9(OLS)http://pul/publisher/49544 LEADER 01556nam a2200313 u 4500 001 000000080356 003 CaOOAMICUS 005 20070226123634.0 008 040712s2004 it u000 u ita u 020 $a8834311450 035 $a11003989 040 $aPUL$bita 100 1 $aMarassi, Massimo,$d1954-$0(OLS)http://pul/name/3588 245 10$aMetafisica e metodo trascendentale :$bJohannes B. Lotz e la struttura dell'esperienza /$cMassimo Marassi. 260 $aMilano :$bV&P Università,$c2004. 300 $a367 p. ;$c22 cm 490 1 $aPubblicazioni del Centro di ricerche di metafisica.$aSezione di metafisica e storia della metafisica ;$v27 500 $aIndice : p. [361]-367. 504 $aBibliografia in nota. 600 14$aLotz, Johannes Baptist,$cS.I.,$d1903-1992.$0(OLS)http://pul/subject/17790 650 4$aMetafisica.$0(OLS)http://pul/subject/433 650 4$aTrascendenza.$0(OLS)http://pul/subject/4811 830 0$aPubblicazioni del Centro di ricerche di metafisica.$pSezione di metafisica e storia della metafisica ;$v27.$0(OLS)http://pul/title/1629 850 $aPUL 852 $aPUL$W1$xSL Filosofia 2$y80$mPhil A9 27$j102634$nBK-PRI$b $qStampati altre collocazioni$B102634$CPULBib$Z2$F102634 $HPUL95835 $81 941 1 $a10 996 $6020$a8834311450$9(OLS)http://pul/number/106225 996 $6245$aMetafisica e metodo trascendentale :$bJohannes B. Lotz e la struttura dell'esperienza$9(OLS)http://pul/title/105233 996 $6260$aMilano :$bV&P Università$9(OLS)http://pul/publisher/69887